| 000 | 01013nam0a22003131 4500 | ||
|---|---|---|---|
| 001 | RU\INFOCOMM_327\NLR\5000045022 | ||
| 005 | 20250613111731.0 | ||
| 035 | _a(NLR Aleph) 009594213 | ||
| 090 |
_a9269593 _c9269593 |
||
| 100 | _a20130301d1975 |||y0rusy50 ca | ||
| 101 | 0 | _afre | |
| 102 | _aRU | ||
| 105 | _ay z ||||| | ||
| 200 | 1 |
_aHistothérapie et préparations tissulaires de Filatov _fProf. S. Moutchnik, V. Soloviova, cand. ès sciences méd. _gV/o "Medexport" |
|
| 210 |
_aM. _cВнешторгиздат _d[1975] |
||
| 215 |
_a68 с. _cил. _d22 см |
||
| 300 | _aНа обл. авт. не указаны | ||
| 320 | _aБиблиогр.: с. 62-66 | ||
| 620 | _aМосква | ||
| 686 |
_aР353.4 _2rubbk |
||
| 700 | 1 |
_9z02790 _aMučnik _bS. R. |
|
| 701 | 1 |
_9z03790 _aSolov'eva _bV. P. |
|
| 790 | 1 |
_9z02700 _aMoutchnik _bS. _4070 |
|
| 790 | 1 |
_9z03701 _aSoloviova _bV. _4070 |
|
| 801 | 1 |
_aRU _bInfocomm _c20130301 |
|
| 801 | 0 |
_aRU _bINFOCOMM _gPSBO |
|
| 852 |
_aNLR _jМд21 Д-6/8 |
||
| 942 | _cBOOK | ||
| 980 | _aNB | ||